|
|
|
|
| LEADER |
00000cam a2200000 4500 |
| 001 |
vtls012073519 |
| 003 |
SK-MaSNL |
| 005 |
20260301191157.0 |
| 008 |
211015s2021 xo al f np 000 0 slo |
| 015 |
|
|
|a SNBA2023/04
|
| 020 |
|
|
|a 9788022350921
|q (brožované)
|
| 040 |
|
|
|a SNK
|b slo
|c SNK
|e rda
|
| 041 |
0 |
|
|a slo
|
| 044 |
|
|
|a xo
|c SK
|
| 072 |
|
7 |
|a 54
|x Chémia. Mineralogické vedy
|2 konspekt
|
| 080 |
|
|
|a 54:51-3
|2 2011
|
| 080 |
|
|
|a (075.8)
|2 2011
|
| 100 |
1 |
|
|a Tatiersky, Jozef,
|d 1972-
|4 aut
|9 220586
|
| 245 |
1 |
0 |
|a Základné chemické výpočty
|c Jozef Tatiersky
|
| 250 |
|
|
|a Tretie, opravené a doplnené vydanie
|
| 264 |
|
1 |
|a Bratislave
|b Univerzita Komenského v Bratislave, Prírodovedecká fakulta
|c 2021
|
| 300 |
|
|
|a 226 strán
|b obrázky, schémy, tabuľky
|c 29 cm
|
| 336 |
|
|
|a text
|b txt
|2 rdacontent
|
| 337 |
|
|
|a bez média
|b n
|2 rdamedia
|
| 338 |
|
|
|a zväzok
|b nc
|2 rdacarrier
|
| 366 |
|
|
|e 250 kusov
|
| 500 |
|
|
|a Zoznam použitých skratiek, značiek a prehľad dôležitých pojmov
|
| 504 |
|
|
|a Obsahuje bibliografiu na strane 222-226
|
| 650 |
0 |
7 |
|a chemické výpočty
|2 SNKPH
|9 68330
|
| 650 |
0 |
7 |
|a Chemical computation
|2 SNKPHeng
|9 305813
|
| 655 |
|
7 |
|a učebnice vysokých škôl
|2 SNKPH
|9 70191
|
| 655 |
|
7 |
|a Textbooks (higher)
|2 SNKPHeng
|9 276436
|
| 852 |
|
|
|a Slovenská národná knižnica
|
| 919 |
|
|
|a 978-80-223-5092-1
|
| 954 |
|
|
|a odborná, vedecká literatúra pôvodná (slovenská)
|2 lita
|
| 958 |
|
|
|a NB
|
| 999 |
|
|
|c 870121
|d 872051
|
| 952 |
|
|
|a SNK
|b SNK
|y VYP
|7 0
|p 17A1547082
|o snkSB 97412 D1
|i snk2024/6883
|8 3
|g 14.00
|0 0
|1 0
|4 0
|d 2024-04-29
|l 0
|r 2026-02-24 05:39:44
|w 2026-02-24
|
| 952 |
|
|
|a SNK
|b SNK
|y PREZ
|7 0
|p 17A1469288
|o snkSB 97412
|i snk2021/18673
|8 0
|0 0
|1 0
|4 0
|d 2021-11-19
|f 1
|l 0
|r 2025-05-16 00:00:00
|w 2026-02-24
|